| 000 | 00472nam a22002177a 4500 | ||
|---|---|---|---|
| 003 | UA-OsUOA | ||
| 001 | 41336 | ||
| 007 | ta | ||
| 008 | 20060920b un ||||| |||| 00| 0 ukr d | ||
| 100 | _aFried M. | ||
| 090 | _a572 | ||
| 942 | _cBK | ||
| 040 |
_aUA-OsUOA _beng _cUA-OsUOA _dUA-OsUOA |
||
| 245 | _aReading in antropology | ||
| 300 | _a479 с. | ||
| 955 | _a2 | ||
| 041 | _aeng | ||
| 080 | _a572 | ||
| 650 | 7 |
_a572 Антропологія _2UDC |
|
| 999 |
_c327477 _d327477 |
||